Ślokāntara : (Record no. 61476)
[ view plain ]
| 000 -LEADER | |
|---|---|
| fixed length control field | 01000cam a22002771 4500 |
| 001 - CONTROL NUMBER | |
| control field | sa 65000287 |
| 003 - CONTROL NUMBER IDENTIFIER | |
| control field | DLC |
| 005 - DATE AND TIME OF LATEST TRANSACTION | |
| control field | 20260227112102.0 |
| 008 - FIXED-LENGTH DATA ELEMENTS--GENERAL INFORMATION | |
| fixed length control field | 810516s1957 ii 000 0 kaw |
| 010 ## - LIBRARY OF CONGRESS CONTROL NUMBER | |
| LC control number | sa 65000287 |
| 025 ## - OVERSEAS ACQUISITION NUMBER | |
| Overseas acquisition number | PL480:I-San-295 |
| 035 ## - SYSTEM CONTROL NUMBER | |
| System control number | (OCoLC)7425407 |
| 040 ## - CATALOGING SOURCE | |
| Original cataloging agency | DLC |
| Transcribing agency | OCoLC |
| Modifying agency | OCoLC |
| -- | WU |
| -- | DLC |
| 041 1# - LANGUAGE CODE | |
| Language code of text/sound track or separate title | kawsaneng |
| Language code of original | kawsan |
| 042 ## - AUTHENTICATION CODE | |
| Authentication code | premarc |
| 050 00 - LIBRARY OF CONGRESS CALL NUMBER | |
| Classification number | PL5158.9.S5 |
| Item number | S5 |
| 130 0# - MAIN ENTRY--UNIFORM TITLE | |
| Uniform title | Ślokāntara. |
| 245 10 - TITLE STATEMENT | |
| Title | Ślokāntara : |
| Remainder of title | an old Javanese didactic text / |
| Statement of responsibility, etc. | critically edited and annotated by Sharada Rani. |
| 260 ## - PUBLICATION, DISTRIBUTION, ETC. | |
| Place of publication, distribution, etc. | [New Delhi] : |
| Name of publisher, distributor, etc. | International Academy of Indian Culture, |
| Date of publication, distribution, etc. | 1957. |
| 300 ## - PHYSICAL DESCRIPTION | |
| Extent | 120, 355 p. |
| Dimensions | 29 cm. |
| 440 #0 - SERIES STATEMENT/ADDED ENTRY--TITLE | |
| Title | Dvīpāntara-piṭaka ; |
| Volume/sequential designation | v. 2 |
| 440 #0 - SERIES STATEMENT/ADDED ENTRY--TITLE | |
| Title | Śata piṭaka series ; |
| Volume/sequential designation | v. 2. |
| 500 ## - GENERAL NOTE | |
| General note | Added title in Kawi. |
| 546 ## - LANGUAGE NOTE | |
| Language note | "Text [consists] of 83 Sanskrit slokas followed by their Old-Javanese prose-explanations." With English translation, introductory remarks, and notes. |
| 700 0# - ADDED ENTRY--PERSONAL NAME | |
| Personal name | Sharada Rani, |
| Dates associated with a name | 1931- |
| Relator term | ed. |
No items available.